000 00303nam a2200109Ia 4500
008 220204s9999 xx 000 0 und d
082 _a339.138
_bDHA
100 _aDharma Vira Aggarwala
245 0 _aMarketing research: An over all view
260 _aChandigarh
_bAll India Directories
_c1979
942 _cBK
999 _c33686
_d33686